| 000 | 00572cam a2200181 4500 | ||
|---|---|---|---|
| 082 |
_a973.7 _bBAT |
||
| 245 | 0 | 0 | _aBattles and leaders of the civil war. |
| 260 |
_aNew York : _bThe Century Co., _c[1887-88]. |
||
| 300 |
_a4 v. : _bill., maps ; _c29 cm. |
||
| 526 |
_a0 _b0 _c0 _d973_700000000000000_BAT |
||
| 526 |
_a0 _b0 _c0 _d973_700000000000000_BAT |
||
| 526 |
_a0 _b0 _c0 _d973_700000000000000_BAT |
||
| 650 |
_aMCE _9379 |
||
| 700 | 1 |
_aBuel, Clarence Clough, _950263 |
|
| 700 | 1 |
_aJohnson, Robert Underwood, _950264 |
|
| 710 | 2 |
_aCentury Company. _950265 |
|
| 942 |
_2ddc _cBK |
||
| 999 |
_c552989 _d552989 |
||